000 00446nam a2200169 a 4500
020 _a0415596
082 0 0 _a181.07
_bNAS2
100 _aNasr, Seyyed Hossein
245 _aHistory of Islamic Philosophy
260 _aLondon
_bRoutledge Chapman Hall
_c1996
300 _a780p
500 _aincludes index and biblioraphy
505 2 _aSelect Bibliography
505 2 _aSelect Bibliography00
650 _aPhilosophy-Islamic
942 _cBK
999 _c9542
_d9542